Statistics for Detroit Pistons NBA Playoffs Leaders Per Year

Click here to take the quiz!

General Stats

  • This quiz has been taken 369 times
  • The average score is 16 of 58

Answer Stats

Player% Correct
Isiah Thomas
98%
Ben Wallace
95%
Rasheed Wallace
95%
Chauncey Billups
93%
Joe Dumars
92%
Andre Drummond
88%
Bill Laimbeer
88%
Richard Hamilton
83%
Dennis Rodman
77%
Reggie Jackson
72%
Grant Hill
68%
Bob Lanier
66%
Dave Bing
51%
Jerry Stackhouse
51%
John Salley
41%
Jerome Williams
38%
Bob Harris
33%
Tobias Harris
33%
Dave DeBusschere
30%
George Yardley
27%
Rodney Stuckey
25%
Kentavious Caldwell-Pope
22%
Lindsey Hunter
21%
Kelly Tripucka
19%
Larry Foust
18%
Kwame Brown
17%
Antonio McDyess
15%
Bailey Howell
15%
Gene Shue
12%
Marcus Morris
12%
Allan Houston
11%
Andy Phillip
9%
Howard Porter
9%
Terry Mills
9%
Chris Ford
8%
Don Ohl
8%
Dick McGuire
7%
Walter Dukes
7%
Christian Laettner
6%
Fred Schaus
6%
Bison Dele
5%
Otis Thorpe
5%
Ray Scott
5%
Will Bynum
4%
Don Adams
3%
Don Reid
3%
Eric Montross
3%
Michael Curry
3%
Chuck Noble
2%
Eric Money
2%
Mel Hutchins
2%
Aaron McKie
1%
Bob Ferry
1%
Jack Kerris
1%
John Crotty
1%
Jud Buechler
1%
Ken Murray
1%
Kent Benson
1%

Score Distribution

Percentile by Number Answered

Percent of People with Each Score

Your Score History

You have not taken this quiz